Oslobodenie od dane z príjmov fyzických a právnických osôb od 1.1.2002
Na základe novely zákona o daniach z príjmov vykonanej zákonom č. 561/2001 Z.z. došlo pri oslobodení fyzických a právnických osôb od 1.1.2002. Prehľad zmenených ustanovení zákona o daniach z príjmov.
Gespeichert in:
| 1. Verfasser: | |
|---|---|
| Format: | Buchkapitel |
| Sprache: | Slowakisch |
| Schlagworte: | |
| Tags: |
Keine Tags, Fügen Sie das erste Tag hinzu!
|
MARC
| LEADER | 00000naa a2200000 4500 | ||
|---|---|---|---|
| 001 | r044595 | ||
| 005 | 20230927065955.1 | ||
| 041 | 0 | |a slo | |
| 044 | |a SK | ||
| 245 | 1 | 0 | |a Oslobodenie od dane z príjmov fyzických a právnických osôb od 1.1.2002 |c Alena Pauličková |
| 520 | |a Na základe novely zákona o daniach z príjmov vykonanej zákonom č. 561/2001 Z.z. došlo pri oslobodení fyzických a právnických osôb od 1.1.2002. Prehľad zmenených ustanovení zákona o daniach z príjmov. | ||
| 610 | 2 | 0 | |a dane z príjmov |
| 610 | 2 | 0 | |a oslobodenie od daní |
| 610 | 2 | 0 | |a osoby fyzické |
| 610 | 2 | 0 | |a novelizácia |
| 610 | 2 | 0 | |a zákony |
| 610 | 2 | 0 | |a 2002 |
| 100 | 1 | |a Pauličková, Alena | |